书目信息 |
| 题名: |
撕裂的枪声
|
|
| 作者: | 美狄亚 编著 | |
| 分册: | ||
| 出版信息: | 北京 台海出版社 2018 |
|
| 页数: | 212页 | |
| 开本: | 23cm | |
| 丛书名: | ||
| 单 册: | ||
| 中图分类: | D771.28 | |
| 科图分类: | ||
| 主题词: | 枪械--Qiang Xie--社会问题--研究--美国 | |
| 电子资源: | ||
| ISBN: | 978-7-5168-1619-6 | |
| 000 | 01033nam0 2200265 45 | |
| 001 | 012001000113 | |
| 005 | 20140920091301.0 | |
| 010 | @a978-7-5168-1619-6@dCNY35.00 | |
| 100 | @a20180108d2018 em y0chiy50 ea | |
| 101 | 0 | @achi |
| 102 | @aCN@b110000 | |
| 105 | @ay z 000yy | |
| 106 | @ar | |
| 200 | 1 | @a撕裂的枪声@9Si Lie De Qiang Sheng@e枪口下的美国@f美狄亚编著 |
| 210 | @a北京@c台海出版社@d2018 | |
| 215 | @a212页@d23cm | |
| 300 | @a其他题名:枪口下的美国 | |
| 314 | @a美狄亚, 从事世界古代史研究工作。 | |
| 330 | @a本书一方面昭示着人类精彩的传奇伟业 —— 用科技的力量根本改变了人类应用自然力量的方式 ; 另一方面又散发着令人窒息的恐怖气息 —— 巧夺天工的机械设计和巨大威力, 让人的生命在它面前显得从未有过的脆弱。正因为如此, 让持枪和禁枪, 成了十分重要而极具现实意义的课题。 | |
| 517 | 1 | @a枪口下的美国@9Qiang Kou Xia De Mei Guo |
| 606 | 0 | @a枪械@9Qiang Xie@x社会问题@x研究@y美国 |
| 690 | @aD771.28@v5 | |
| 701 | 0 | @a美狄亚@9Mei Di Ya@4编著 |
| 801 | 0 | @aCN@b上海新华@c20180901 |
| 905 | @b1040554-58@dD771.28@e452@f5 | |
| 撕裂的枪声:枪口下的美国/美狄亚编著.-北京:台海出版社,2018 |
| 212页;23cm |
| 其他题名:枪口下的美国 |
| ISBN 978-7-5168-1619-6:CNY35.00 |
| 本书一方面昭示着人类精彩的传奇伟业 —— 用科技的力量根本改变了人类应用自然力量的方式 ; 另一方面又散发着令人窒息的恐怖气息 —— 巧夺天工的机械设计和巨大威力, 让人的生命在它面前显得从未有过的脆弱。正因为如此, 让持枪和禁枪, 成了十分重要而极具现实意义的课题。 |
| ● |
| 相关链接 |
|
|
|
|
正题名:撕裂的枪声
索取号:D771.28/452
 
预约/预借
| 序号 | 登录号 | 条形码 | 馆藏地/架位号 | 状态 | 备注 |
| 1 | 1040554 | 210405541 | 第一样本阅览室/ [索取号:D771.28/452] | 在馆 | |
| 2 | 1040555 | 210405550 | 第一借阅区/ [索取号:D771.28/452] | 在馆 | |
| 3 | 1040556 | 210405569 | 第一借阅区/ [索取号:D771.28/452] | 在馆 | |
| 4 | 1040557 | 210405578 | 第一借阅区/ [索取号:D771.28/452] | 在馆 | |
| 5 | 1040558 | 210405587 | 密集书库-史法系/ [索取号:D771.28/452] | 在馆 |